Responses for show #5358 - Wednesday, December 19, 2007

Cora Peck game 1.

Contestants

[<< previous game]

Dave Roberts, a Marine law student originally from Royal Oak, Michigan

Cora Peck, a teacher and graduate student from Aliso Viejo, California

Kevin Holbert, a linguistics student from Buffalo, New York (whose 2-day cash winnings total $39,823)

[next game >>]

Jeopardy! Round responses

ISLANDS
TV SHOWS BY CHARACTERS
(Alex: For a word we'll identify in the clue, you have to give us the...)
PARTS OF SPEECH
ATTORNEYS GENERAL
WHACK
A MOLE
    $200 6
Vancouver

Cora
    $200 11
24

Kevin
    $200 1
verb

Kevin
    $200 16
FDR

Dave
    $200 21
Italy

Cora
    $200 26
Cindy Crawford

Kevin
    $400 7
Guam

Kevin
    $400 12
(Cora: What is Heroes?)

Lost

KevinCora
    $400 2
adjective

Kevin
    $400 17
Janet Reno

Dave
    $400 22
Trotsky

Kevin
    $400 27
John Lennon

Cora
    $600 8
Devil's Island

Cora
    $600 13
Desperate Housewives

Cora
    $600 3
interjection

Kevin
    $600 18
Reagan

Cora
    $600 23
the Clantons

Cora
    $600 28
(Kevin: What is a grasshopper?)

a cricket

KevinCora
    $1,600 9
(Cora: What is Borneo?)

New Guinea

Cora
    $800 14
The West Wing

Cora
    $800 4
adverb

Cora
    $800 19
(James K.) Polk

Cora
    $800 24
Belgium

Cora
    $800 29
Fred Savage

Dave
    $1000 10
Cape Town

Cora
    $1000 15
NCIS

Triple Stumper
    $1000 5
preposition

Kevin
    $1000 20
(Elliot) Richardson

Cora
    $1000 25
Henry II

Cora
    $1000 30
(Amedeo) Avogadro

Kevin

Scores at the first commercial break (after clue 15):

Kevin Cora Dave
$3,200 $2,000 $0

Scores at the end of the Jeopardy! Round:

Kevin Cora Dave
$4,200 $8,000 $1,400

Double Jeopardy! Round responses

BIBLICAL WARRIORS
AWARDS & HONORS
ANIMALS
OFFICIAL STATE FOODS
LITERATURE
HEY, "BB"!
    $400 3
the Jordan

Kevin
    $400 1
Streisand

Cora
    $400 16
a hyena

Cora
    $400 8
Louisiana

Dave
    $400 14
(Kevin: What is Man of La Mancha?)

Don Quixote

KevinCora
    $400 24
a hobby

Kevin
    $800 4
(Alex: Yes, we had a Kevin and a David as correct responses from Kevin and Dave!)

David

Dave
    $800 2
Kevin Spacey

Kevin
    $800 20
a pigeon

Dave
    $800 9
Jell-O

Kevin
    $800 15
(Cora: What is 200?)
...
(Alex: Ah yes, you're benefiting again.)

500

KevinCora
    $800 25
Barabbas

Dave
    $1200 10
Gideon

Cora
    $1200 5
Australia

Cora
    $1200 21
a moray

Cora
    $1200 11
the blue crab

Cora
    $1200 17
Ivanhoe

Kevin
    $1200 26
cribbage

Dave
    $1600 29
(Dave: Who is Judith?)

Deborah

KevinDave
    $1600 6
the U.S.S. Constitution

Cora
    $1600 22
(Kevin: What is an ostrich?)
(Dave: What is a yak?)

wildebeest

KevinDave
Triple Stumper
    $2,000 12
bread

Cora
    $1600 18
The Trial

Cora
    $1600 27
Bobbsey

Cora
    $2000 30
Jonathan

Triple Stumper
    $2000 7
Helen Hayes

Cora
    $2,000 23
a hippopotamus

Cora
    $2000 13
(Dave: What is a blintz?)
(Cora: What is strudel?)

kuchen

CoraDave
Triple Stumper
    $2000 19
the Mayor of Casterbridge

Cora
    $2000 28
The Abbey

Cora

Scores at the end of the Double Jeopardy! Round:

Kevin Cora Dave
$8,200 $26,000 $200
(lock game)

[wagering suggestions for these scores]

Final Jeopardy! Round responses

CLASSIC ROCK
(Alex: This album has been on one Billboard chart or another for over 1500 weeks.)
DaveWhat is Dark Side of the Moon?
$0
KevinWhat is Dark Side of the Moon?
$80
CoraWhat is "The Dark Side of the Moon"
$0
The Dark Side of the Moon (by Pink Floyd)

Final scores:

Kevin Cora Dave
$8,280 $26,000 $200
2nd place: $2,000 New champion: $26,000 3rd place: $1,000

Game dynamics:

Coryat scores:

Kevin Cora Dave
$8,200 $27,200 $200
17 R,
3 W
30 R
(including 2 DDs),
4 W
(including 1 DD)
8 R,
3 W

Combined Coryat: $35,600

The J! Archive is created by fans, for fans. The Jeopardy! game show and all elements thereof, including but not limited to copyright and trademark thereto, are the property of Jeopardy Productions, Inc. and are protected under law. This website is not affiliated with, sponsored by, or operated by Jeopardy Productions, Inc. Join the discussion at JBoard.tv.